Договір довічного утримання (Запис № 463213)

МАРК-запис
000 -Лідер
fixed length control field 02889nam a22002657a 4500
001 - Контрольний номер
control field 216219220
003 - Ідентифікатор контрольного номера
control field UA-OsUOA
005 - Дата та час останнього входження (трансакції)
control field 20210118135844.0
008 - Елементи даних фіксованої довжини – загальна інформація
fixed length control field 200909b un ||||| m||| 00| 0 ukr d
040 ## - Джерело каталогізації
Агенція оригінальної каталогізації UA-OsUOA
Мова каталогізації ukr
Агенція, яка здійснювала перезапис UA-OsUOA
Агенція, яка здійснювала модифікацію UA-OsUOA
041 ## - Код мови
Код мови тексту/ звукової доріжки чи окремого заголовка (П) ukr
080 ## - Індекс Універсальної десяткової класифікації
Індекс Універсальної десяткової класифікації (УДК) (НП) 347.45/.47
090 ## - Локальний шифр розміщення
Класифікаційний індекс УДК 347.45/.47
095 ## - Код спеціальності для авторефератів
Код спеціальності 12.00.03
Назва спеціальності цивільне право і цивільний процес; сімейне право; міжнародне приватне право
100 ## - Основне введення – ім’я особи
Ім’я особи (НП) Великорода О. М.
245 ## - Відомості про назву
Назва (НП) Договір довічного утримання
Дані про відповідальність (НП) Великорода Олександр Михайлович ; наук. керівник Гвоздик Павло Олександрович
260 ## - Публікація, розповсюдження і т.п. (Вихідні дані)
Місце публікації, розповсюдження і т.п. (П) Київ
Дата публікації, розповсюдження і т.п. (П) 2006
300 ## - Фізичний опис
Обсяг 24 с.
502 ## - Примітка про дисертацію
Зв'язок Автореферат дисертації на здобуття наукового ступеня кандидата юридичних наук<br/>
Наймення інституції, що представляється НДІ приватного права і підприємництва
Рік отримання вченого ступеня 2006
520 ## - Резюме і т.п.
Резюме, реферат, анотація, тощо (НП) Дисертацію присвячено комплексному дослідженню договору довічного утримання (догляду). В ній розглядаються питання розвитку інституту довічного утримання в Україні, його регулювання в законодавстві інших держав. Проаналізовано юридичну природу договору довічного утримання (догляду) та його елементи, а також розглянуто основні різновиди правовідносин по довічному утриманню. Значна увага приділяється дослідженню змісту вищезгаданого правочину, розкриваються способи забезпечення виконання цього договору та відповідальність за порушення його умов. Аналізуються підстави припинення договору довічного утримання (догляд), в тому числі і розірвання, а також ситуації, коли даний правочин є (може бути визнаний) недійсним та наслідки цього. Сформульовано низку пропозицій щодо вдосконалення чинного законодавства, яке регулює інститут довічного утримання (догляду).
650 ## - Додаткове предметне введення – тематичний термін
Джерело заголовка чи терміна UDC
Тематичний термін чи географічна назва, як елемент введення (НП) 347 Цивільне право
942 ## - Додаткові елементи входу (Коха)
Source of classification or shelving scheme Universal Decimal Classification
Тип елемента Koha Автореферат
955 ## - Код типу видання за змістом
Код типу видання за змістом (НП) Наукові видання

Немає доступних примірників.